The McGraw-Hill 36-hour course:Business presentations
| Main Author: | |
|---|---|
| Format: | Book |
| Published: |
New York :
McGraw-Hill,Inc ,
1994
|
| Subjects: |
MARC
| LEADER | 00000cam a2200000 7i4500 | ||
|---|---|---|---|
| 001 | 0000002439 | ||
| 002 | 000002659 | ||
| 005 | 20000330.0 | ||
| 020 | |a 0070028400 | ||
| 090 | 0 | 0 | |a 658.452 |b ARR |
| 100 | 0 | |a Arredondo, Lani | |
| 245 | 1 | 4 | |a The McGraw-Hill 36-hour course:Business presentations |c Lani Arredondo |
| 260 | |a New York : |b McGraw-Hill,Inc , |c 1994 | ||
| 300 | |a 337p. : |b ill ; |c 23cm. | ||
| 650 | 0 | 0 | |a Business presentations |
| 999 | |a 035857 |b BUKU |c PINJAMAN |e PERPUSTAKAAN KOMUNITI PETALING JAYA | ||